000 00876cab a22001935a 4500
001 L144102
008 080618e20080613xxk f 000 0 eng d
035 _a(Sirsi) u144102
041 0 _aeng
100 1 _aMorrison, Doug
245 0 0 _a1970s revival
260 _c2008
490 0 _aProperty Week
_v73(24) 13 June 2008, 44-45(2)
520 _aReports on a call to introduce 1970s-style mortgage guarantees (backed by housing associations or local authorities) to help mitigate the effects of limited lending, get people onto the property ladder and help homeowners at risk of defaulting on their mortgages. Discusses how such a scheme would operate and what the likely outcomes might be.
590 _aKA
651 4 _aUnited Kingdom
_y
690 _aPROPERTY-RESIDENTIAL PROPERTY-RESIDENTIAL PROPERTY FINANCE AND INVESTMENT-MORTGAGING RESIDENTIAL PROPERTY
942 _n0
999 _c80339
_d80339